000
00275nam a22001097a 4500
082
_a
150/CAR
100
_a
Carnegie , Dale
_9
82827
245
_a
HOW TO WIN FRIENDS AND INFLUENCE PEOPLE
260
_a
Mumbai
_J
Jaico Publishing House
_c
2024
650
_a
Philosophy
942
_c
BK
999
_c
67552
_d
67552